1582 1447 1218 1679 1561 1686 1499 1134 1969 1895 1958 1735 1875 1484 1810 1214 1462 1484 1926 2000 1395 1664 1913 1770 1799 1487 1577 1946 1658 1758 1472 1859 1634 1614 1505 1045 1298 1795 1508 1092 1228 1061 1802 1256 1437 1928 1987 1843 1129 1178 1069 1535 1933 1579 1895 1748 1250 1928 1817 1511 1197 1163 1225 1804 1462 1989 1206 1900 1854 1581 1149 1871 1137 1451 1982 1208 1402 1363 1377 1982 1149 1372 1495 1495 1751 1096 1404 1300 1765 1495 1714 1925 1074 1743 1454 1292 1696 1960 1935 BCNSPRNW ULIB Ver.6.0+V

เปลี่ยนเป็นภาษาไทย

Change to English
 แสดงรายละเอียดบรรณานุกรม
  กลับหน้าหลัก

Brief Record : Get Marc (ISO 2709) : E-mail record : QR code < ปิดหน้าต่าง
LEADER : 00000nam 2200000uu 4500
001    13399124647
003     ULIB
008    020711s2003 th a 000 0 eng d
020    9740431143
099    วพ.WS115^bN237R
100    Narumol Gajaseni
245    Relationships Among Selected Basic Conditioning Factors,Child-Care Agency, And Maternal CareGiving Behaviors Upon Febrile Children Aged 3 Months To 6 Years./^cNarumol Gajaseni
260    Bangkok :^bMahidol University,^c2003
300    103 pages;^b29.5 cm
650    Child-Care Agency^xThesis
945    ^p0^l0^i000188
รายการนี้ยังไม่มีแท็ก
คุณยังไม่ได้ล็อกอิน คุณสามารถมีกิจกรรมร่วมกับเว็บไซต์ได้ แต่ต้องล็อกอินก่อน ::
  ล็อกอิน

รายการสื่อสารสนเทศ

ลำดับที่ ประเภท เลขเรียก/บาร์โค้ด สถานที่ สถานะ
1. วิทยานิพนธ์
วิทยานิพนธ์
วพ.WS115 N237R ฉ.1 
  Barcode: 000188
ห้องสมุดวิทยาเขตสวรรค์ประชารักษ์
►วิจัย
บนชั้น

BibComment


ยังไม่เคยถูกคอมเมนท์

คอมเมนท์ทรัพยากรรายการนี้
  คอมเมนท์: Relationships Amo..


 Copyright 2026. Bcnsprnw @Library